| 000 | 00863cam a22002054a 4500 | ||
|---|---|---|---|
| 005 | 20250605164128.0 | ||
| 008 | 250528s ||||||||||||||||||||||||d | ||
| 035 | _a18521 | ||
| 020 | _a673166252 | ||
| 040 |
_aGR-AtMCL _bgre _dGR-AtMCL _eAACR2 |
||
| 245 | 1 | _aΑ Short Calculus / An Applied Approach | |
| 250 | _a4th | ||
| 260 |
_bScott, Foresman And Company, _c1985 |
||
| 300 | _a618 | ||
| 520 | _aFunctions and Graphs and Limits, The Derivative, Extremum Problems and Curve Sketching, Exponential and Logarithmic Functions, Integration, Applications of the Integral, Multivariable Calculus, Differential Equations, Maclaurin Taylor Polynomials; Sequences and Series, The Trigonometric Functions, Appendix: A Review of Algebra, Answers to Odd-Numbered Exercises, Index. | ||
| 700 | 1 |
_aSaltz Daniel _94785 |
|
| 942 | _cBK | ||
| 999 |
_c3878 _d3878 |
||